REPORTS OF COMPANY CASES INCLUDING CASES OF BANKING AND INSURENCE [VOL-77] (Record no. 7592)

MARC details
000 -LEADER
fixed length control field 00392nam a22001337a 4500
005 - DATE AND TIME OF LATEST TRANSACTION
control field 20210313162248.0
008 - FIXED-LENGTH DATA ELEMENTS--GENERAL INFORMATION
fixed length control field 210313b ||||| |||| 00| 0 eng d
082 ## - DEWEY DECIMAL CLASSIFICATION NUMBER
Classification number 346.066
100 ## - MAIN ENTRY--AUTHOR NAME
Personal name AIYAR , A.N.
245 ## - TITLE STATEMENT
Title REPORTS OF COMPANY CASES INCLUDING CASES OF BANKING AND INSURENCE [VOL-77]
260 ## - PUBLICATION, DISTRIBUTION, ETC. (IMPRINT)
Place of publication MADRAS
Name of publisher COMPANY LAW INSTITUTE OF INDIA
Year of publication 1993
650 ## - SUBJECT ADDED ENTRY--TOPICAL TERM
Topical Term LAW
942 ## - ADDED ENTRY ELEMENTS (KOHA)
Koha item type Journals/Serial
Holdings
Lost status Damaged status Home library Current library Date acquired Source of acquisition Full call number Accession Number Koha item type
    JRU Library   13/03/2021 PURCHES 346.066 25241 Journals/Serial